| 000 | 00535nam a2200193Ia 4500 | ||
|---|---|---|---|
| 003 | OSt | ||
| 005 | 20250505155858.0 | ||
| 008 | 210210b1972 xxu||||| |||| 00| 0 eng d | ||
| 040 | _cAL | ||
| 041 | _aKannada | ||
| 082 | _aK894.3 PRAP | ||
| 100 |
_aPRABHAKAR (B S). _dಪ್ರಭಾಕರ (ಬಿ ಎಸ್) _9209361 |
||
| 245 |
_aPancha kanyeyaru. _bಪಂಚ ಕನ್ಯೆಯರು |
||
| 260 |
_aBengaluru _bPrakasha Sahitya _c1972 |
||
| 300 | _a164 | ||
| 690 |
_aKannada Fiction _9209362 |
||
| 906 | _a030355 | ||
| 942 |
_2ddc _cBK |
||
| 999 |
_c81577 _d81577 |
||